00773nam a2200229Ia 450000100060000000300090000600800410001504000130005604000130006904100130008210000220009510000290011724501250014624500500027125000110032126000120033226000290034426000490037330000580042265000320048065000310051291911IT-RoPAU130308s9999 xx 000 0 und d aIT-RoPAU cIT-RoPAU aITALIANO aPiattelli Daniela gCodice Aut. SPICS: 32132 aMissione e proselitismo in Israele: effetti della insurrezione maccabaica nel pensiero di Qumran e nella letteratura rab bMissione nel Mondo Antico e nella Bibbia (La) a1a ed. aBOLOGNA bEDB - Edizioni Dehoniane c1990 [1° Ed.:1990 - Ed.Ling.Originale:1988] a"14 p. (prefazione: no ; testo: 14 [pagine: 87-100])" aSTUDI/COMMENTI SULLA BIBBIA eCodice materia Spics: 9052